01929agaaa2200289 45000010005000000030009000050050017000140070009000310080040000400400023000800410013001031000053001161300025001692450193001942500022003872600111004093000033005205080154005535110086007075200574007935380016013675460013013836500057013967000054014537000065015077000067015728007IT-RoPAU20220918181228.0d cvaizq50131s9999||||xx ||| | || ||und|| aIT-RoPAUcIT-RoPAU aITALIANO aLo Giudice AmbrogiogCodice regista SPICS: 59196 aPRIMA DAMMI UN BACIO aPRIMA DAMMI UN BACIOcProdotto da: Morabito V. Belardi -- Sceneggiatura: Lo Giudice Ambrogio -- Diretto da: Lo Giudice AmbrogiopPRIMA DAMMI UN BACIO (Rif. Codice opera principale : H8007) aEdizione Standard a(ITALIA)bSUNFLOWER PRODUCTION / Distribuzione: MONDADORIg"2003 (1° ed.: 2007 ; Ed. Lingua Orig.: 2003)" aDVDbsonoro, col.c88 minuti a"Fotografia: Corticelli Gianfilip; Montaggio: Manzoni Paolo; Musica: Dalla Lucio; Sceneggiatura: Lo Giudice Ambrogio; Scenografia: Scarpa Leonardo; " a"Rocca Stefania; Cocci Marco; Zingaretti Luca; Filippi Camilla; Mannoia Fiorella" a"ADELE E MARCELLO SONO SEGNATI DAL DESTINO FIN DALLA NASCITA: NASCONO NELLOSTESSO ISTANTE E DA QUEL MOMENTO SARANNO TESTIMONI DI UN'INCREDIBILE STORIA D'AMORE: DUE META' DELLA STESSA ANIMA CHE IL DESTINO HA VOLUTO UNIRE ALLANASCITA E DIVIDERE PER UNA VITA INTERA. O QUASI, LORIS, TESTIMONE E NARRATORE DELLA LORO LUNGA STORIA DOPO AVER CELEBRATO PER GIOCO IL LORO MATRIMONIO DA BAMBINI, LI SEGUIRA' PER TUTTA LA VITA CONDIVIDENDO SENSAZIONI, EMOZIONI ED ESPERIENZE. CONTRIBUTI EXTRA: BACKSTAGE; INTERVISTE CON CAST E REGISTA; SCENE ELIMINATE; VIDEOCLIP DI LUCIO DALLA." aPAL, STEREO aITALIANO aCOMMEDIAeDVD-FILM [DVD]xCodice MATERIA SPICS: 9947 aDalla Lucioe(musica)gCodice Musica SPICS: 10843 aLo Giudice Ambrogio e(regista)gCodice regista SPICS: 59196 aLo Giudice Ambrogio e(soggetto)gCodice Soggetto SPICS: 59196